| 000 | 00607nam a22001937a 4500 | ||
|---|---|---|---|
| 005 | 20251108171016.0 | ||
| 008 | 250721s1983 xx 000 0 ara d | ||
| 082 | 1 | 4 | _a956.06/فهم |
| 100 | 1 | _aسعد، فهمي عبد الرزاق | |
| 245 | 1 | 0 | _aالعامة في بغداد في القرنين الثالث و الرابع الهجريين / |
| 264 | 1 |
_aبيروت : _bالأهلية للنشر و التوزيع، _c1983. |
|
| 300 | _a373ص | ||
| 650 | 1 | 7 | _aالعرب |
| 650 | 1 | 7 | _aالتاريخ |
| 650 | 1 | 7 | _aالعباسيون |
| 650 | 1 | 7 | _aبغداد |
| 942 |
_2ddc _cBK |
||
| 999 |
_c54280 _d54280 |
||